000
00311nam a22001337a 4500
020
_a
81-903717-5-4
041
_a
ENG
100
_a
Shah. V.L
245
_a
Limit State Design Of Steel Structures ( Is 800-2007 )
260
_a
Pune
_b
Structures Pub
_c
2009
300
_a
340
650
_a
FS
856
_u
FS ( 36)
999
_c
855
_d
855